[Event "80e Noteboomtoernooi Old Masters 2020"]
[Site "Leiden"]
[Date "2020.03.01"]
[Round "5.2"]
[White "Timman, Jan H"]
[Black "Huebner, Robert"]
[Result "1/2-1/2"]
[WhiteElo "2532"]
[BlackElo "2576"]
[Annotator "TA"]
[PlyCount "65"]
[EventDate "2020.02.28"]
[EventType "tourn"]
[EventCountry "NED"]
[SourceTitle "playchess.com"]
[Source "ChessBase"]
[SourceQuality "1"]

{[%evp 12,65,41,18,16,19,26,10,5,7,7,-87,-36,-43,-49,-34,-29,-110,-111,-101,-109,-124,-68,-80,-71,-79,-47,-46,-37,-114,-73,-114,-114,-125,-65,-75,-12,-15,-8,-108,0,0,0,0,0,0,0,0,0,0,0,0,0,0,0,0]} 1. e4 e5 2. Nf3 Nc6 3. Bb5 a6 4. Ba4 d6 5. c3 Bd7 6. d4 g6 7. dxe5 (7. O-O {keeps more tension.} Nf6 8. Re1 Bg7 9. d5 Ne7 10. c4) 7... Nxe5 {C76: Ruy Lopez: Deferred Steinitz: 5 c3 Bd7 6 d4 g6.} 8. Nxe5 dxe5 9. Bxd7+ (9. O-O {feels hotter.} Nf6 10. Bg5 Be7 11. Nd2 b5 12. Bb3) 9... Qxd7 10. Qxd7+ Kxd7 {[#]} 11. f4 $146 (11. Nd2 $11 {remains equal.}) ({Predecessor:} 11. Be3 Nf6 12. f3 Kc6 13. Nd2 Bc5 14. Bxc5 Kxc5 15. b4+ Kc6 16. Nc4 Rhe8 17. Ke2 {1-0 (28) Pietzsch,M (2185)-Farokhi,K (1848) Kiel 2018}) 11... Nf6 (11... Re8 $17 {Strongly threatening ...exf4.} 12. fxe5 Rxe5) 12. fxe5 $15 Nxe4 13. Rf1 Ke6 14. Rf4 (14. Be3 $11 {keeps the balance.}) 14... Nc5 $36 {[%mdl 2048] Black has strong initiative.} 15. Rf6+ Kxe5 16. Rxf7 Bd6 (16... Nd3+ $17 17. Kd1 Nxc1) 17. Bh6 Kd5 18. Rf3 Rhe8+ 19. Kf1 Bxh2 20. Na3 (20. c4+ $15 Kc6 21. g3) 20... Bd6 21. Nc2 Ne4 22. Nb4+ Bxb4 (22... Kc5 $17 23. b3 Ng3+ 24. Kg1 Nf5) 23. cxb4 $15 Re5 (23... Nd6 $17) 24. Rd1+ $11 Kc6 25. Bf4 (25. Rc1+ $11 Kb6 26. Be3+ c5 27. Bxc5+ Nxc5 28. bxc5+ Rxc5 29. Rxc5 Kxc5 30. Rf7) 25... Rf5 (25... Re7 $17 26. Rc1+ Kb5) 26. Rc1+ {The position is equal.} Kb5 {White must now prevent ...Raf8.} 27. Rxc7 {[%mdl 64] [#] Double Attack} Raf8 $1 28. Be3 b6 29. Ke2 Rxf3 30. gxf3 Ng3+ 31. Kf2 Ne4+ 32. Kg2 Nf6 33. Bd4 {Accuracy: White = 61%, Black = 62%.} 1/2-1/2

[Event "80e Noteboomtoernooi Old Masters 2020"]
[Site "Leiden"]
[Date "2020.03.01"]
[Round "6.1"]
[White "Huebner, Robert"]
[Black "Karpov, Anatoly"]
[Result "1/2-1/2"]
[WhiteElo "2576"]
[BlackElo "2617"]
[Annotator "TA"]
[PlyCount "65"]
[EventDate "2020.02.28"]
[EventType "tourn"]
[EventCountry "NED"]
[SourceTitle "playchess.com"]
[Source "ChessBase"]
[SourceQuality "1"]

{[%evp 9,65,2,8,2,18,15,15,0,18,-2,-6,0,0,0,0,0,7,-3,0,-7,0,0,0,-14,-6,-19,-13,-35,-17,-29,-4,-31,-26,-27,2,0,0,0,0,0,0,0,0,-5,-5,-11,0,-7,0,0,0,0,0,0,0,0,0,0]} 1. d4 Nf6 2. Nf3 e6 3. g3 b5 4. Qd3 a6 5. e4 Bb7 6. e5 {A46: 1 d4 Nf6 2 Nf3 e6: Torre, London and Colle Systems.} Nd5 {[#] ...Nb4 is the strong threat.} 7. Bg2 d6 8. O-O Nd7 9. Nc3 Nxc3 10. Qxc3 {[#]} Nb6 $146 ({Predecessor:} 10... Be7 11. b3 Nb6 12. Bb2 Bd5 13. Rfd1 a5 14. Qd3 b4 15. a3 O-O 16. axb4 axb4 {1-0 (64) Huebner,R (2609)-Jenni,F (2512) Switzerland 2014}) 11. Bg5 Qd7 12. b3 h6 13. Bf4 Nd5 14. Qd2 Nxf4 15. Qxf4 Be7 16. h4 Rd8 17. Rad1 O-O 18. Rd3 Qc8 19. Rfd1 Bd5 (19... Qa8 {looks sharper.} 20. exd6 cxd6 21. c4 Rc8 22. Rc1 bxc4 23. bxc4 Rc7) 20. Ne1 (20. Nh2 {is interesting.} Bxg2 21. Kxg2 Qb7+ 22. Qf3 d5 23. Ng4) 20... Bxg2 21. Nxg2 dxe5 22. dxe5 {The position is equal.} Rxd3 23. Rxd3 Rd8 24. Qe4 Rxd3 25. cxd3 Qd8 26. Nf4 Bc5 27. Ne2 Bb6 28. Kg2 Qf8 29. h5 Qa3 30. Qa8+ Kh7 31. Qe4+ Kg8 32. Qa8+ Kh7 33. Qe4+ {An uneventful encounter. Accuracy: White = 95%, Black = 92%.} 1/2-1/2

[Event "80e Noteboomtoernooi Old Masters 2020"]
[Site "Leiden"]
[Date "2020.03.01"]
[Round "6.2"]
[White "Nikolic, Predrag"]
[Black "Timman, Jan H"]
[Result "1-0"]
[WhiteElo "2571"]
[BlackElo "2532"]
[Annotator "TA"]
[PlyCount "59"]
[EventDate "2020.02.28"]
[EventType "tourn"]
[EventCountry "NED"]
[SourceTitle "playchess.com"]
[Source "ChessBase"]
[SourceQuality "1"]

{[%evp 16,59,19,0,9,11,12,17,57,35,44,39,40,41,62,55,95,103,99,94,102,112,120,66,61,42,70,0,136,146,146,140,139,141,146,146,149,160,345,354,1091,521,489,479,1258,863]} 1. d4 Nf6 2. c4 g6 3. Nf3 Bg7 4. g3 O-O 5. Bg2 d6 6. O-O c6 7. b3 e5 8. dxe5 dxe5 9. Ba3 ({Not} 9. Nxe5 $2 Nfd7 $19) 9... Qxd1 {E60: King's Indian: Unusual lines and Fianchetto Variation without Nc3.} 10. Rxd1 Re8 11. Nc3 Nbd7 {The position is equal.} 12. Ng5 Bf8 13. Bxf8 Kxf8 {[#]} 14. b4 $146 {[%cal Bb3b4,Bb4b5][%mdl 32]} ({Predecessor:} 14. Nge4 Re7 15. b4 a5 16. b5 Nxe4 17. Nxe4 f5 18. bxc6 bxc6 19. Nd6 e4 20. f3 exf3 21. exf3 {½-½ (32) Zysk,R (2400)-Vukic,M (2500) Vienna 1991}) 14... Nb6 15. c5 Nc4 16. b5 $1 $36 {[%cal Rb5c6][%mdl 2048] White is in control.} Na5 17. Rd6 Ke7 18. bxc6 bxc6 19. Rb1 (19. Nce4 $16 Nxe4 20. Bxe4 (20. Nxe4 Be6 $14)) 19... Bd7 20. Rb4 Reb8 21. a3 ({Better is} 21. Ra4 $14 Nb7 22. Rd1) 21... Nb7 (21... h6 $11 {remains equal.} 22. Nge4 Ne8) 22. Bxc6 $16 Nxd6 23. Bxa8 Rxa8 24. cxd6+ Kxd6 25. Nxf7+ Ke6 26. Ng5+ Kf5 $2 {[#]} (26... Ke7 $16 {was necessary.} 27. Nce4 h6) 27. h4 $1 $18 {Strongly threatening g4+!} Rc8 $2 {[#]} (27... h6) 28. e4+ (28. g4+ $142 $1 {[%mdl 512]} Nxg4 29. e4+ Kf6 30. Nd5+ Kg7 31. Rb7 {[%mdl 64] Double Attack}) 28... Kg4 29. Nd5 {[%cal Rd5f6]} Ne8 (29... Nxd5 $142 30. exd5+ Kf5) 30. Kg2 {Accuracy: White = 72%, Black = 46%.} 1-0